Equipe de France - Les buteurs en ligue des nations - Statistiques

Statistiques générales
  • Ce quiz a été pris 124 fois
  • Le résultat moyen est 9 sur 10
Statistiques - réponses
Poste Années Nbr de but Nom % Correct
Attaquant 2021-2022 3 Karim Benzema
100%
Attaquant 2018-2020-2021-2022 7 Kylian Mbappé
100%
Attaquant 2018-2020-2022 5 Olivier Giroud
97%
Attaquant 2018-2020 4 Antoine Griezmann
96%
Défenseur 2021 1 Théo Hernandez
87%
Milieu 2022 1 Adrien Rabiot
83%
Milieu 2020 1 N'Golo Kanté
82%
Défenseur 2020 1 Benjamin Pavard
80%
Attaquant 2020 1 Kingsley Coman
73%
Défenseur 2020 1 Dayot Upamecano
68%
Aucun quiz correspondant
Distribution des résultats
% des personnes avec chaque résultat
Percentile par nombre de réponses
Votre historique - résultats
Vous n’avez pas pris ce quiz